| 000 | 00818nam a22002412 4500 | ||
|---|---|---|---|
| 001 | 0000002571 | ||
| 005 | 20151021151058.0 | ||
| 008 | 070416s xx 000 0 eng d | ||
| 020 |
_a0697107043 : _cKES 3,728 |
||
| 040 |
_aKABU _cKABU |
||
| 050 | 0 |
_aP90 _b.W214 1992 |
|
| 100 | 1 |
_aWahlstrom, Billie J. _@0000159919 |
|
| 245 | 1 | 0 |
_aPerspectives on human communication / _cBillie J. Wahlstrom. |
| 260 |
_aDubuque : _bWm. C. Brown, _cc1992. |
||
| 300 |
_axvii, 398 p. : _bill. ; _c24 cm. |
||
| 650 | 0 |
_aCommunication. _@0000151592 |
|
| 650 | 0 |
_aMass media. _@0000159400 |
|
| 908 | _a070416 | ||
| 950 | _@1 | ||
| 999 |
_c445 _d445 |
||